Investigación sobre conflictos colectivos económico-sociales /
Na minha lista:
| Autor principal: | |
|---|---|
| Autores corporativos: | , |
| Formato: | Texto |
| Publicado em: |
Heredia:
UNA. IESTRA
|
| Tags: |
Adicionar Tag
Sem tags, seja o primeiro a adicionar uma tag!
|
MARC
| LEADER | 00000 a a2200000 04500 | ||
|---|---|---|---|
| 001 | 22521 | ||
| 003 | |||
| 040 | |a CRAI/IIS |c CRAI/IIS | ||
| 090 | |a 153300 | ||
| 100 | |a Suárez Garcés, Gerardo Octavio | ||
| 110 | |a UNA | ||
| 245 | |a Investigación sobre conflictos colectivos económico-sociales / |c UNA | ||
| 260 | |a Heredia: |b UNA. IESTRA | ||
| 300 | |a 77 p. |b **no definido** | ||
| 710 | |a IESTRA | ||
| 999 | |c 3648 |d 3648 | ||
